[Event "KGZ-ch"]
[Site "Bishkek"]
[Date "2019.04.20"]
[Round "8"]
[White "Akmatov, Altay"]
[Black "Abdurahmanov, Kamil"]
[Result "1-0"]
[WhiteElo "1866"]
[BlackElo "1594"]
[PlyCount "47"]
[EventDate "2019.04.13"]
[EventType "swiss"]
[EventRounds "9"]
[EventCountry "KGZ"]
[SourceTitle "CBM 190 Extra"]
[Source "ChessBase"]
[SourceDate "2019.07.15"]
[SourceVersion "1"]
[SourceVersionDate "2019.07.15"]
[SourceQuality "1"]

1. d4 Nf6 2. Bf4 d5 3. Nc3 c6 4. e3 g6 5. h4 h5 6. Bd3 Bg7 7. f3 Nbd7 8. Qd2 Nb6 9. Nge2 Nc4 10. Qc1 b5 11. b3 Nd6 12. a3 a5 13. 0-0 0-0 14. Nd1 Re8 15. Nf2 Kh7 16. e4 dxe4 17. fxe4 Qb6 18. Be3 Qc7 19. c4 bxc4 20. bxc4 Ba6 21. c5 Nc8 22. Bxa6 Rxa6 23. Qc4 Ra8 24. Qxf7 1-0

[Event "KGZ-ch"]
[Site "Bishkek"]
[Date "2019.04.17"]
[Round "5"]
[White "Sakibaev, Nursultan"]
[Black "Akmatov, Altay"]
[Result "1-0"]
[WhiteElo "1750"]
[BlackElo "1866"]
[PlyCount "74"]
[EventDate "2019.04.13"]
[EventType "swiss"]
[EventRounds "9"]
[EventCountry "KGZ"]
[SourceTitle "CBM 190 Extra"]
[Source "ChessBase"]
[SourceDate "2019.07.15"]
[SourceVersion "1"]
[SourceVersionDate "2019.07.15"]
[SourceQuality "1"]

1. d4 Nf6 2. Nf3 e6 3. g3 c5 4. Bg2 cxd4 5. Nxd4 d5 6. 0-0 e5 7. Nf3 Nc6 8. c4 d4 9. a3 a5 10. Qc2 g6 11. Bg5 Bg7 12. Nfd2 Bf5 13. Qa4 Qc7 14. Bxf6 Bxf6 15. Ne4 Be7 16. Nbd2 0-0 17. Rac1 Bxe4 18. Bxe4 f5 19. Bd5+ Kh8 20. c5 Rfd8 21. Bxc6 bxc6 22. Nf3 Bf6 23. Rfd1 Qd7 24. Nd2 Bg5 25. Rc4 Qc7 26. Nf3 Bf6 27. Rdc1 Kg7 28. R4c2 Ra7 29. Qc4 a4 30. Rd2 Raa8 31. e3 dxe3 32. fxe3 Rxd2 33. Nxd2 Qf7 34. Qb4 g5 35. Qb6 Rc8 36. Qa6 Rc7 37. Qxa4 g4 1-0

[Event "KGZ-ch FL"]
[Site "Bishkek"]
[Date "2019.03.07"]
[Round "5"]
[White "Akmatov, Altay"]
[Black "Sultanbekov, Kubat"]
[Result "1/2-1/2"]
[WhiteElo "1834"]
[BlackElo "1956"]
[PlyCount "88"]
[EventDate "2019.03.03"]
[EventType "swiss"]
[EventRounds "9"]
[EventCountry "KGZ"]
[SourceTitle "EXT 2021"]
[Source "ChessBase"]
[SourceDate "2020.10.23"]
[SourceVersion "1"]
[SourceVersionDate "2020.10.23"]
[SourceQuality "1"]

1. d4 Nf6 2. Nf3 g6 3. Nc3 Bg7 4. e4 d6 5. Be2 0-0 6. h3 c6 7. Be3 Nbd7 8. Qd2 b5 9. a3 a5 10. 0-0 Nb6 11. e5 Nfd5 12. Nxd5 Nxd5 13. Bh6 Bf5 14. Bxg7 Kxg7 15. Rac1 Qd7 16. c4 bxc4 17. Bxc4 f6 18. Bxd5 cxd5 19. exd6 Qxd6 20. b4 axb4 21. Qxb4 Qxb4 22. axb4 Ra2 23. Ra1 Rxa1 24. Rxa1 Rb8 25. Ra5 Rxb4 26. Rxd5 Be4 27. Rd7 Bxf3 28. gxf3 Kf7 29. Rd8 Rb6 30. Ra8 Ke6 31. Kg2 Kd5 32. Rg8 Kxd4 33. Rg7 Re6 34. Rxh7 Ke5 35. Rh4 Kf5 36. Ra4 Kg5 37. Rb4 f5 38. Ra4 Re1 39. Rb4 e5 40. Ra4 Rd1 41. Rb4 Rd4 42. Rb6 Rh4 43. Re6 e4 44. fxe4 fxe4 1/2-1/2

[Event "KGZ-ch FL"]
[Site "Bishkek"]
[Date "2019.03.03"]
[Round "1"]
[White "Akmatov, Altay"]
[Black "Toktomushev, Bek"]
[Result "1-0"]
[WhiteElo "1834"]
[BlackElo "1274"]
[PlyCount "59"]
[EventDate "2019.03.03"]
[EventType "swiss"]
[EventRounds "9"]
[EventCountry "KGZ"]
[SourceTitle "EXT 2021"]
[Source "ChessBase"]
[SourceDate "2020.10.23"]
[SourceVersion "1"]
[SourceVersionDate "2020.10.23"]
[SourceQuality "1"]

1. d4 d5 2. c4 c6 3. Nf3 Nf6 4. Nc3 e6 5. Bg5 Be7 6. e3 h6 7. Bh4 0-0 8. a3 Nbd7 9. Bd3 b6 10. 0-0 Ba6 11. Qa4 Bxc4 12. Bxc4 dxc4 13. Qxc4 Rc8 14. e4 c5 15. d5 exd5 16. exd5 Bd6 17. Ne4 Be5 18. Nxe5 Nxe5 19. Nxf6+ Qxf6 20. Bxf6 Nxc4 21. Be7 Rfe8 22. Rfe1 Rc7 23. Bh4 Rxe1+ 24. Rxe1 Rd7 25. Re8+ Kh7 26. Rd8 Rxd8 27. Bxd8 Nxb2 28. Bxb6 Nc4 29. Bxa7 Nxa3 30. d6 1-0

[Event "KGZ-ch U16"]
[Site "Bishkek"]
[Date "2019.01.08"]
[Round "5"]
[White "Akmatov, Altay"]
[Black "Kalkanov, Kaidu"]
[Result "1-0"]
[WhiteElo "1889"]
[BlackElo "1522"]
[PlyCount "105"]
[EventDate "2019.01.04"]
[EventType "swiss"]
[EventRounds "9"]
[EventCountry "KGZ"]
[SourceTitle "CBM 189 Extra"]
[Source "ChessBase"]
[SourceDate "2019.06.03"]
[SourceVersion "1"]
[SourceVersionDate "2019.06.03"]
[SourceQuality "1"]

1. d4 c6 2. Nf3 d5 3. g3 Nf6 4. Bg2 Bf5 5. Nbd2 e6 6. c4 Bd6 7. Nh4 Bg6 8. Nxg6 hxg6 9. Qc2 Nbd7 10. b3 0-0 11. 0-0 e5 12. dxe5 Bxe5 13. Rb1 Rb8 14. Nf3 Bd6 15. Rd1 Qc7 16. cxd5 cxd5 17. Qxc7 Bxc7 18. Ba3 Rfe8 19. Rbc1 Rbc8 20. e3 Nb6 21. Bh3 Nbd7 22. Bxd7 Nxd7 23. Rxd5 Nb6 24. Rdc5 Bb8 25. Rxc8 Nxc8 26. Rd1 Nb6 27. Kf1 Bc7 28. Ke2 Bd8 29. Ne5 Be7 30. Bxe7 Rxe7 31. Rd8+ Kh7 32. Nc4 Nd7 33. Nd6 Nc5 34. Rf8 f6 35. h4 Ne6 36. Rf7 Nd4+ 37. Kd3 Rxf7 38. Nxf7 Nb5 39. a4 Kg8 40. axb5 Kxf7 41. Kd4 Ke6 42. e4 b6 43. f4 Kd6 44. e5+ Kc7 45. Kd5 Kd7 46. b4 Ke7 47. e6 f5 48. Ke5 Ke8 49. Kd6 Kd8 50. e7+ Ke8 51. Ke6 g5 52. fxg5 g6 53. h5 1-0

[Event "KGZ-ch U16"]
[Site "Bishkek"]
[Date "2019.01.05"]
[Round "2"]
[White "Sezdbekov, Almaz"]
[Black "Akmatov, Altay"]
[Result "0-1"]
[WhiteElo "1413"]
[BlackElo "1889"]
[PlyCount "70"]
[EventDate "2019.01.04"]
[EventType "swiss"]
[EventRounds "9"]
[EventCountry "KGZ"]
[SourceTitle "CBM 189 Extra"]
[Source "ChessBase"]
[SourceDate "2019.06.03"]
[SourceVersion "1"]
[SourceVersionDate "2019.06.03"]
[SourceQuality "1"]

1. f4 e5 2. e4 d5 3. Nc3 dxe4 4. fxe5 Qd4 5. Qe2 Nc6 6. Nxe4 Bf5 7. d3 Nxe5 8. c3 Nxd3+ 9. Qxd3 Qxe4+ 10. Qxe4+ Bxe4 11. Nf3 Bc5 12. Bc4 Nf6 13. Bg5 Ng4 14. 0-0-0 0-0 15. Rhe1 Rae8 16. h3 Bxf3 17. gxf3 Ne5 18. Bd5 Nd3+ 19. Rxd3 Rxe1+ 20. Kd2 Rfe8 21. Be4 Rg1 22. Bf4 Rg2+ 23. Kc1 f5 24. Bd5+ Kh8 25. Bb3 Bf8 26. h4 c6 27. h5 Re1+ 28. Bd1 Be7 29. Bd2 Rh1 30. Re3 Rxd2 31. Kxd2 Bg5 32. Be2 Rh2 33. Kd3 Bxe3 34. Kxe3 f4+ 35. Kd3 Rxh5 0-1

[Event "Bishkek Smart Cup 4th"]
[Site "Bishkek"]
[Date "2019.??.??"]
[Round "8"]
[White "Akmatov, Altay"]
[Black "Asanakunov, Zhumagazy"]
[Result "0-1"]
[WhiteElo "1834"]
[BlackElo "2046"]
[PlyCount "106"]
[EventDate "2019.02.01"]
[EventType "swiss"]
[EventRounds "9"]
[EventCountry "KGZ"]
[SourceTitle "EXT 2021"]
[Source "ChessBase"]
[SourceDate "2020.10.23"]
[SourceVersion "1"]
[SourceVersionDate "2020.10.23"]
[SourceQuality "1"]

1. d4 Nf6 2. Nf3 d5 3. g3 Bf5 4. c4 c6 5. Nbd2 e6 6. Nh4 Bg4 7. h3 Bh5 8. g4 Bg6 9. Nxg6 hxg6 10. Bg2 Nbd7 11. b3 Bb4 12. Qc2 Qa5 13. a3 dxc4 14. bxc4 Bc3 15. Bb2 Bxd2+ 16. Qxd2 Qxd2+ 17. Kxd2 0-0-0 18. Kc2 Nb6 19. Kb3 Nfd7 20. a4 Nb8 21. a5 N6d7 22. a6 b6 23. c5 bxc5 24. Rhc1 f5 25. gxf5 gxf5 26. Ba3 Kc7 27. Bb2 Rh4 28. dxc5 e5 29. Rc4 e4 30. Bd4 Nf6 31. Rb4 Rxd4 32. Rxd4 Nbd7 33. Ra5 Nd5 34. e3 g5 35. Kc2 Ne5 36. Ra3 Nd3 37. Rdxd3 Nb4+ 38. Kc3 Nxd3 39. Kd4 Rh8 40. Ra2 Rd8+ 41. Kc4 Rd5 42. f3 Rxc5+ 43. Kd4 Rd5+ 44. Kc3 Nc5 45. fxe4 Nxe4+ 46. Kc4 Nd6+ 47. Kc3 Rd1 48. Kb4 Kb6 49. Rc2 c5+ 50. Ka4 c4 51. Kb4 Rd3 52. Re2 Rb3+ 53. Ka4 Nb5 0-1

[Event "Bishkek Smart Cup 4th"]
[Site "Bishkek"]
[Date "2019.??.??"]
[Round "2"]
[White "Akmatov, Altay"]
[Black "Azarov, Alim"]
[Result "1-0"]
[WhiteElo "1834"]
[BlackElo "1292"]
[PlyCount "93"]
[EventDate "2019.02.01"]
[EventType "swiss"]
[EventRounds "9"]
[EventCountry "KGZ"]
[SourceTitle "EXT 2021"]
[Source "ChessBase"]
[SourceDate "2020.10.23"]
[SourceVersion "1"]
[SourceVersionDate "2020.10.23"]
[SourceQuality "1"]

1. d4 d5 2. Nf3 Nf6 3. Bf4 e6 4. e3 Bd6 5. Bg3 0-0 6. Nbd2 b6 7. c3 c5 8. Bd3 Ba6 9. Qe2 Bxd3 10. Qxd3 Qc7 11. Ne5 Nbd7 12. f4 c4 13. Qc2 Bxe5 14. fxe5 Ng4 15. Ke2 b5 16. h3 Nh6 17. Bf4 Nf5 18. g4 Nh4 19. Bg3 Ng6 20. Rag1 Qd8 21. h4 f6 22. h5 Ne7 23. Nf3 Qe8 24. Rf1 fxe5 25. Ng5 e4 26. Nxe6 Rxf1 27. Rxf1 Rc8 28. Ke1 Rc6 29. Nc7 Qb8 30. Qf2 Rf6 31. Nxd5 Nxd5 32. Bxb8 Rxf2 33. Rxf2 Nxb8 34. Rf5 Nxe3 35. Rxb5 Nc6 36. Rc5 Ne7 37. Re5 Kf7 38. Rxe4 N3d5 39. Re5 Nf6 40. Ra5 Nxg4 41. Rxa7 Nf6 42. a4 Nxh5 43. a5 Nf4 44. a6 Nd3+ 45. Kd2 Nxb2 46. Rxe7+ Kxe7 47. a7 1-0

[Event "Bishkek Smart Cup 4th"]
[Site "Bishkek"]
[Date "2019.??.??"]
[Round "4"]
[White "Akmatov, Altay"]
[Black "Sakibaev, Nursultan"]
[Result "1/2-1/2"]
[WhiteElo "1834"]
[BlackElo "1670"]
[PlyCount "137"]
[EventDate "2019.02.01"]
[EventType "swiss"]
[EventRounds "9"]
[EventCountry "KGZ"]
[SourceTitle "EXT 2021"]
[Source "ChessBase"]
[SourceDate "2020.10.23"]
[SourceVersion "1"]
[SourceVersionDate "2020.10.23"]
[SourceQuality "1"]

1. d4 d5 2. c4 e6 3. Nc3 c5 4. cxd5 cxd4 5. Qxd4 Nc6 6. Qa4 exd5 7. e3 Nf6 8. Nf3 Bc5 9. Bb5 Bd7 10. 0-0 0-0 11. Rd1 a6 12. Bxc6 bxc6 13. Ne5 Be8 14. Qc2 Qe7 15. Nf3 Bd7 16. h3 Rfe8 17. b3 Ba7 18. a4 Be6 19. Nd4 c5 20. Nc6 Qc7 21. Nxa7 Qxa7 22. Ba3 d4 23. exd4 cxd4 24. Na2 Rac8 25. Qd3 Nh5 26. Bb2 Qb8 27. Qxd4 Bxb3 28. Rf1 Rc4 29. Qd5 Nf4 30. Qg5 Ne6 31. Qe5 Qxe5 32. Bxe5 Nc5 33. Bd6 Ne4 34. Ba3 Rxa4 35. Nb4 h6 36. Nd3 Bc4 37. Nb2 Bxf1 38. Nxa4 Bb5 39. Nc5 Nxc5 40. Bxc5 Rc8 41. Bb4 Rc4 42. Rb1 f5 43. Ba3 Ra4 44. Ra1 Kf7 45. Bb2 Rb4 46. Bc3 Rc4 47. Ra3 g6 48. f3 Ke6 49. Kf2 Kd5 50. Ke3 Rc8 51. f4 Re8+ 52. Be5 Rc8 53. Bc3 Kc4 54. g3 Rd8 55. Ba5 Re8+ 56. Kd2 Kd5 57. Re3 Rxe3 58. Kxe3 Bf1 59. h4 Kc4 60. Kd2 Kb5 61. Bc3 a5 62. Bg7 h5 63. Kc2 Kc4 64. Bf8 Bd3+ 65. Kb2 Kd4 66. Kb3 Ke4 67. Ka4 Kf3 68. Be7 Kxg3 69. Bg5 1/2-1/2